Statistiken für Abkürzungen [3] - Initial-Kurzworte

Klicken Sie hier um das Quiz zu spielen!

Allgemein

  • Dieses Quiz wurde 119 mal gespielt
  • Das Durchschnittsergebnis liegt bei 10 aus 22

Antwortstatistiken

Kurzwortgesamter Begriff% Korrekt
D-MarkDeutsche Mark
96%
O-SaftOrangensaft
94%
Ü-EiÜberraschungsei
87%
U-HaftUntersuchungshaft
82%
E-LokElektrolokomotive
74%
H-MilchHaltbare Milch
71%
U-BahnUntergrundbahn
70%
E-MailElectronic Mail
64%
S-BahnSchnellbahn
59%
U-BootUnterseeboot
47%
O-TonOriginalton
38%
E-WerkElektrizitätswerk
34%
Ü-WagenÜbertragungswagen
29%
U-MusikUnterhaltungsmusik
28%
ABC-WaffenAtomare, Biologische und Chemische Waffen
26%
O-BusOberleitungsbus
23%
V-MannVertrauensmann / Verbindungsmann
23%
E-ZugEilzug
18%
D-ZugDurchgangszug
16%
E-MusikErnste Musik
15%
G-PunktGräfenberg-Punkt
7%
R-GesprächReverse Charge Gespräch
1%

Verteilung der Resultate

Perzentil nach korrekt beantworteten Fragen

Anzahl Personen mit jedem Resultat

Ihre Resultats-Entwicklung

Sie haben dieses Quiz noch nicht gespielt